000
00405nam a22001697a 4500
003
MPLRDC
005
20220104144149.0
008
210129b ||||| |||| 00| 0 eng d
082
_a
868.7 YY
100
_a
杨夷编译
245
_a
吝啬者的报应
_c
260
_a
_b
上海书局有限公司
_c
1961
300
_b
平
490
_a
马来民间故事精选
650
_a
942
_c
BK
_o
868.7 YY
999
_c
46994
_d
46984